[Event "Fredericia Chess 2019"]
[Site "?"]
[Date "2019.05.29"]
[Round "1.1"]
[White "Devereaux, IM Maxim"]
[Black "Jacobsen, FM Mikkel Manosri"]
[Result "1-0"]
[BlackElo "2319"]
[WhiteElo "2342"]
[LiveChessVersion "1.4.8"]

1. e4 {[%clk 1:30:45]} c6 {[%clk 1:30:56]} 2. d4 {[%clk 1:31:09]} d5
{[%clk 1:31:24]} 3. e5 {[%clk 1:31:24]} Bf5 {[%clk 1:31:48]} 4. h4
{[%clk 1:31:21]} h5 {[%clk 1:32:07]} 5. c4 {[%clk 1:31:36]} e6 {[%clk 1:32:33]}
6. Nc3 {[%clk 1:31:49]} Ne7 {[%clk 1:32:56]} 7. Nge2 {[%clk 1:31:50]} dxc4
{[%clk 1:33:21]} 8. Ng3 {[%clk 1:32:06]} Bg6 {[%clk 1:33:47]} 9. Bxc4
{[%clk 1:32:10]} Nd7 {[%clk 1:34:13]} 10. Bg5 {[%clk 1:32:08]} Nb6
{[%clk 1:34:39]} 11. Be2 {[%clk 1:31:18]} Qd7 {[%clk 1:35:04]} 12. a4
{[%clk 1:30:03]} a5 {[%clk 1:31:32]} 13. Bxh5 {[%clk 1:26:35]} Bxh5
{[%clk 1:29:58]} 14. Nxh5 {[%clk 1:26:56]} Nf5 {[%clk 1:28:08]} 15. Rh3
{[%clk 1:17:34]} Bb4 {[%clk 1:18:54]} 16. Kf1 {[%clk 1:13:13]} Kf8
{[%clk 1:14:09]} 17. Nf4 {[%clk 0:57:11]} Kg8 {[%clk 1:00:12]} 18. Nce2
{[%clk 0:46:27]} Nd5 {[%clk 0:36:39]} 19. Nxd5 {[%clk 0:43:59]} Qxd5
{[%clk 0:36:58]} 20. Qd3 {[%clk 0:43:32]} Ra6 {[%clk 0:35:17]} 21. g4
{[%clk 0:40:13]} Ne7 {[%clk 0:34:29]} 22. h5 {[%clk 0:37:10]} Rb6
{[%clk 0:33:28]} 23. Nf4 {[%clk 0:34:56]} Qd7 {[%clk 0:32:33]} 24. h6
{[%clk 0:34:48]} gxh6 {[%clk 0:31:30]} 25. Bf6 {[%clk 0:33:38]} Rh7
{[%clk 0:31:53]} 26. Kg2 {[%clk 0:33:50]} Nd5 {[%clk 0:31:40]} 27. Qxh7+
{[%clk 0:34:09]} Kxh7 {[%clk 0:32:00]} 28. Rxh6+ {[%clk 0:34:33]} 1-0

[Event "Fredericia Chess 2019"]
[Site "?"]
[Date "2019.05.29"]
[Round "1.2"]
[White "Fries Nielsen, FM Niels Jørgen"]
[Black "Vasli, FM Aref"]
[Result "1/2-1/2"]
[BlackElo "2346"]
[WhiteElo "2328"]
[LiveChessVersion "1.4.8"]

1. g3 {[%clk 1:30:17]} Nf6 {[%clk 1:30:48]} 2. Bg2 {[%clk 1:30:41]} e5
{[%clk 1:29:58]} 3. d3 {[%clk 1:24:55]} d5 {[%clk 1:29:16]} 4. Nf3
{[%clk 1:20:45]} Nc6 {[%clk 1:29:10]} 5. O-O {[%clk 1:20:28]} Be7
{[%clk 1:28:29]} 6. c4 {[%clk 1:16:18]} d4 {[%clk 1:26:29]} 7. Na3
{[%clk 1:12:30]} O-O {[%clk 1:23:34]} 8. Nc2 {[%clk 1:11:40]} a5 {[%clk 1:21:40]}
9. b3 {[%clk 1:04:19]} Nd7 {[%clk 1:20:47]} 10. e3 {[%clk 0:57:16]} Nc5
{[%clk 1:18:53]} 11. exd4 {[%clk 0:51:47]} exd4 {[%clk 1:18:44]} 12. Bb2
{[%clk 0:49:35]} Bg4 {[%clk 1:07:03]} 13. h3 {[%clk 0:40:29]} Bh5
{[%clk 1:07:14]} 14. g4 {[%clk 0:34:01]} Bg6 {[%clk 1:07:29]} 15. Ncxd4
{[%clk 0:33:40]} Nb4 {[%clk 0:44:56]} 16. Nf5 {[%clk 0:24:42]} Bxf5
{[%clk 0:44:42]} 17. gxf5 {[%clk 0:25:11]} Nbxd3 {[%clk 0:44:39]} 18. Bd4
{[%clk 0:23:50]} Bf6 {[%clk 0:43:15]} 19. Bxc5 {[%clk 0:23:52]} Nxc5
{[%clk 0:42:54]} 20. Qxd8 {[%clk 0:24:04]} Raxd8 {[%clk 0:38:49]} 21. Rad1
{[%clk 0:24:04]} c6 {[%clk 0:38:49]} 22. Nh2 {[%clk 0:24:04]} Rfe8
{[%clk 0:30:34]} 23. Bf3 {[%clk 0:19:38]} Nd3 {[%clk 0:20:35]} 24. Ng4
{[%clk 0:17:49]} Bc3 {[%clk 0:20:46]} 25. Ne3 {[%clk 0:15:50]} Nb4
{[%clk 0:14:53]} 26. Rxd8 {[%clk 0:10:46]} Rxd8 {[%clk 0:15:22]} 27. a3
{[%clk 0:11:08]} Na6 {[%clk 0:14:17]} 28. Rd1 {[%clk 0:11:29]} Rxd1+
{[%clk 0:13:40]} 29. Bxd1 {[%clk 0:10:56]} Kf8 {[%clk 0:11:18]} 30. Kg2
{[%clk 0:10:13]} Ke7 {[%clk 0:11:01]} 31. Kf3 {[%clk 0:10:24]} Kf6
{[%clk 0:07:49]} 32. Bc2 {[%clk 0:10:21]} Bb2 {[%clk 0:06:00]} 33. Ng4+
{[%clk 0:08:24]} Ke7 {[%clk 0:06:20]} 34. a4 {[%clk 0:07:12]} Nc5
{[%clk 0:06:34]} 35. h4 {[%clk 0:05:50]} Kd6 {[%clk 0:02:47]} 36. h5
{[%clk 0:05:39]} Bc1 {[%clk 0:02:15]} 37. Ke2 {[%clk 0:02:38]} Bg5
{[%clk 0:01:42]} 38. f3 {[%clk 0:02:42]} Nd7 {[%clk 0:01:09]} 39. Nf2
{[%clk 0:02:20]} h6 {[%clk 0:00:54]} 40. Ne4+ {[%clk 0:01:35]} Ke5
{[%clk 0:01:22]} 41. Bb1 {[%clk 0:01:26]} Be7 {[%clk 0:01:06]} 42. Ke3
{[%clk 0:29:32]} Bc5+ {[%clk 0:30:52]} 43. Nxc5 {[%clk 0:28:19]} Nxc5
{[%clk 0:31:05]} 44. f4+ {[%clk 0:28:48]} Kd6 {[%clk 0:28:12]} 45. Bc2
{[%clk 0:29:17]} b6 {[%clk 0:16:42]} 46. Kd4 {[%clk 0:29:00]} Nd7
{[%clk 0:16:07]} 47. Bd1 {[%clk 0:29:11]} Nf6 {[%clk 0:11:18]} 48. Bf3
{[%clk 0:28:47]} c5+ {[%clk 0:09:23]} 49. Ke3 {[%clk 0:28:14]} Ke7
{[%clk 0:09:41]} 50. Bd1 {[%clk 0:22:48]} Kf8 {[%clk 0:09:47]} 51. Be2
{[%clk 0:20:47]} Kg8 {[%clk 0:09:26]} 52. Bd1 {[%clk 0:18:36]} Kh7
{[%clk 0:09:54]} 53. Bc2 {[%clk 0:08:31]} Kg8 {[%clk 0:06:34]} 54. Bd1
{[%clk 0:08:59]} Kf8 {[%clk 0:06:59]} 55. Be2 {[%clk 0:09:18]} Ke7
{[%clk 0:07:24]} 56. Bd1 {[%clk 0:09:41]} Kd6 {[%clk 0:07:47]} 57. Bf3
{[%clk 0:09:43]} Kd7 {[%clk 0:07:56]} 58. Be2 {[%clk 0:08:40]} Ng8
{[%clk 0:08:19]} 59. Bg4 {[%clk 0:06:35]} Kd6 {[%clk 0:08:24]} 60. Bf3
{[%clk 0:05:55]} Ne7 {[%clk 0:08:14]} 61. Be4 {[%clk 0:06:11]} Kd7
{[%clk 0:08:35]} 62. Kf3 {[%clk 0:06:12]} Nc8 {[%clk 0:08:57]} 63. f6
{[%clk 0:06:10]} gxf6 {[%clk 0:05:01]} 64. Bf5+ {[%clk 0:06:37]} Kc7
{[%clk 0:05:23]} 65. Bxc8 {[%clk 0:07:03]} Kxc8 {[%clk 0:05:47]} 66. Ke4
{[%clk 0:07:20]} Kd7 {[%clk 0:06:02]} 67. Kd5 {[%clk 0:07:03]} Kc7
{[%clk 0:06:06]} 68. Ke4 {[%clk 0:07:08]} Kd6 {[%clk 0:06:11]} 69. f5
{[%clk 0:07:14]} 1/2-1/2

[Event "Fredericia Chess 2019"]
[Site "?"]
[Date "2019.05.29"]
[Round "1.3"]
[White "Brondt, FM Nicolai"]
[Black "Ahlander, IM Björn"]
[Result "1/2-1/2"]
[BlackElo "2421"]
[WhiteElo "2325"]
[LiveChessVersion "1.4.8"]

1. Nf3 {[%clk 1:30:55]} d5 {[%clk 1:30:46]} 2. d4 {[%clk 1:31:06]} Nf6
{[%clk 1:31:06]} 3. c4 {[%clk 1:31:20]} e6 {[%clk 1:31:31]} 4. g3
{[%clk 1:31:47]} Bb4+ {[%clk 1:31:27]} 5. Bd2 {[%clk 1:32:08]} Be7
{[%clk 1:31:50]} 6. Bg2 {[%clk 1:32:34]} O-O {[%clk 1:32:10]} 7. O-O
{[%clk 1:33:00]} Nbd7 {[%clk 1:32:04]} 8. Qc2 {[%clk 1:32:40]} c6
{[%clk 1:32:08]} 9. Bg5 {[%clk 1:32:52]} b6 {[%clk 1:29:22]} 10. Nbd2
{[%clk 1:29:10]} Ba6 {[%clk 1:26:08]} 11. Rac1 {[%clk 1:16:55]} Rc8
{[%clk 1:23:41]} 12. Rfe1 {[%clk 1:02:38]} h6 {[%clk 0:55:52]} 13. Bxf6
{[%clk 1:01:08]} Bxf6 {[%clk 0:52:55]} 14. e4 {[%clk 0:52:36]} Bb7
{[%clk 0:41:48]} 15. Qd3 {[%clk 0:39:19]} a5 {[%clk 0:40:59]} 16. cxd5
{[%clk 0:33:13]} cxd5 {[%clk 0:40:50]} 17. e5 {[%clk 0:33:06]} Be7
{[%clk 0:41:18]} 18. Bf1 {[%clk 0:32:54]} Nb8 {[%clk 0:41:05]} 19. Qb3
{[%clk 0:30:28]} Bc6 {[%clk 0:34:26]} 20. Nb1 {[%clk 0:28:39]} a4
{[%clk 0:33:21]} 21. Qd3 {[%clk 0:27:25]} b5 {[%clk 0:31:25]} 22. Nc3
{[%clk 0:18:35]} b4 {[%clk 0:30:03]} 23. Nb5 {[%clk 0:14:46]} Qb6
{[%clk 0:25:31]} 24. Be2 {[%clk 0:08:21]} Rfd8 {[%clk 0:19:35]} 25. Kg2
{[%clk 0:08:16]} Bb7 {[%clk 0:18:24]} 26. Rxc8 {[%clk 0:06:23]} Rxc8
{[%clk 0:18:08]} 27. Bd1 {[%clk 0:06:17]} Qa6 {[%clk 0:10:01]} 28. Be2
{[%clk 0:04:33]} Qb6 {[%clk 0:06:29]} 29. Qd1 {[%clk 0:04:07]} Qa5
{[%clk 0:04:32]} 30. Nd6 {[%clk 0:01:49]} Bxd6 {[%clk 0:04:03]} 31. exd6
{[%clk 0:02:18]} Qd8 {[%clk 0:02:53]} 32. Qxa4 {[%clk 0:02:30]} Qxd6
{[%clk 0:03:20]} 33. Ne5 {[%clk 0:02:05]} f6 {[%clk 0:02:24]} 34. Nd3
{[%clk 0:02:18]} Nc6 {[%clk 0:01:42]} 35. Nc5 {[%clk 0:01:20]} Rc7
{[%clk 0:01:46]} 36. Rc1 {[%clk 0:00:46]} Bc8 {[%clk 0:02:02]} 37. Nb3
{[%clk 0:00:50]} Bd7 {[%clk 0:01:49]} 38. Bb5 {[%clk 0:01:02]} Ra7
{[%clk 0:01:21]} 39. Rxc6 {[%clk 0:01:13]} Bxc6 {[%clk 0:01:13]} 40. Qxa7
{[%clk 0:01:08]} Bxb5 {[%clk 0:01:40]} 41. Qc5 {[%clk 0:22:05]} Qxc5
{[%clk 0:29:39]} 42. Nxc5 {[%clk 0:22:12]} e5 {[%clk 0:29:16]} 43. Kf3
{[%clk 0:18:49]} Kf7 {[%clk 0:16:47]} 44. Ke3 {[%clk 0:18:58]} Ke7
{[%clk 0:15:42]} 45. Nd3 {[%clk 0:11:55]} Bxd3 {[%clk 0:10:23]} 46. Kxd3
{[%clk 0:12:23]} e4+ {[%clk 0:10:43]} 47. Kc2 {[%clk 0:04:33]} f5
{[%clk 0:10:54]} 48. Kb3 {[%clk 0:03:12]} g5 {[%clk 0:11:19]} 49. Kxb4
{[%clk 0:03:26]} f4 {[%clk 0:11:46]} 50. gxf4 {[%clk 0:02:18]} gxf4
{[%clk 0:12:13]} 51. Kc3 {[%clk 0:02:42]} Kd6 {[%clk 0:11:22]} 52. h4
{[%clk 0:02:44]} h5 {[%clk 0:11:10]} 53. b4 {[%clk 0:02:47]} Kc6 {[%clk 0:10:29]}
54. a4 {[%clk 0:03:13]} Kb6 {[%clk 0:10:39]} 55. Kd2 {[%clk 0:03:19]} 1/2-1/2

[Event "Fredericia Chess 2019"]
[Site "?"]
[Date "2019.05.29"]
[Round "1.4"]
[White "Easwaralingam, Adesh"]
[Black "Antonsen, IM Mikkel"]
[Result "0-1"]
[BlackElo "2423"]
[WhiteElo "2123"]
[LiveChessVersion "1.4.8"]

1. e4 {[%clk 1:30:57]} c5 {[%clk 1:30:41]} 2. Nf3 {[%clk 1:30:57]} Nc6
{[%clk 1:30:43]} 3. Bb5 {[%clk 1:31:03]} g6 {[%clk 1:29:52]} 4. Bxc6
{[%clk 1:31:04]} dxc6 {[%clk 1:29:44]} 5. d3 {[%clk 1:31:08]} Bg7
{[%clk 1:29:38]} 6. h3 {[%clk 1:31:29]} Nf6 {[%clk 1:19:36]} 7. Nc3
{[%clk 1:31:22]} Nd7 {[%clk 1:18:53]} 8. Be3 {[%clk 1:31:22]} e5 {[%clk 1:18:38]}
9. Qd2 {[%clk 1:30:48]} h6 {[%clk 1:17:29]} 10. O-O {[%clk 1:27:30]} b6
{[%clk 1:16:40]} 11. Nh2 {[%clk 1:26:00]} Nf8 {[%clk 1:17:02]} 12. f4
{[%clk 1:24:46]} exf4 {[%clk 1:17:16]} 13. Bxf4 {[%clk 1:22:44]} Be6
{[%clk 1:15:27]} 14. Nf3 {[%clk 1:15:06]} g5 {[%clk 1:12:27]} 15. Bg3
{[%clk 1:14:17]} Ng6 {[%clk 1:11:17]} 16. Rae1 {[%clk 1:10:04]} Qd7
{[%clk 1:02:07]} 17. e5 {[%clk 0:57:24]} Ne7 {[%clk 0:59:34]} 18. Ne4
{[%clk 0:55:18]} Nf5 {[%clk 0:59:57]} 19. Bh2 {[%clk 0:44:24]} O-O-O
{[%clk 0:59:39]} 20. b4 {[%clk 0:39:55]} c4 {[%clk 0:56:13]} 21. g4
{[%clk 0:33:41]} Ne7 {[%clk 0:56:10]} 22. Nd6+ {[%clk 0:31:46]} Kb8
{[%clk 0:56:36]} 23. dxc4 {[%clk 0:30:44]} h5 {[%clk 0:43:46]} 24. Qe3
{[%clk 0:19:40]} hxg4 {[%clk 0:42:22]} 25. Nxg5 {[%clk 0:19:31]} Ka8
{[%clk 0:29:14]} 26. Ndxf7 {[%clk 0:16:11]} Bxc4 {[%clk 0:28:23]} 27. Nxd8
{[%clk 0:10:34]} Bxf1 {[%clk 0:27:18]} 28. Rxf1 {[%clk 0:09:02]} Rxd8
{[%clk 0:27:18]} 29. h4 {[%clk 0:06:59]} Nf5 {[%clk 0:21:50]} 30. Qf2
{[%clk 0:05:37]} g3 {[%clk 0:18:20]} 31. Bxg3 {[%clk 0:05:54]} Nxg3
{[%clk 0:18:29]} 32. Qxg3 {[%clk 0:05:08]} Bxe5 {[%clk 0:13:58]} 33. Qf3
{[%clk 0:04:16]} Qd4+ {[%clk 0:12:38]} 34. Kg2 {[%clk 0:02:55]} Qxh4
{[%clk 0:12:50]} 35. Qe3 {[%clk 0:01:19]} Qh2+ {[%clk 0:11:20]} 36. Kf3
{[%clk 0:01:47]} Rf8+ {[%clk 0:11:44]} 0-1

[Event "Fredericia Chess 2019"]
[Site "?"]
[Date "2019.05.29"]
[Round "1.5"]
[White "Sörensen, FM Hampus"]
[Black "Boe Olsen, FM Filip"]
[Result "1-0"]
[BlackElo "2394"]
[WhiteElo "2343"]
[LiveChessVersion "1.4.8"]

1. c4 {[%clk 1:30:32]} e6 {[%clk 1:30:38]} 2. d4 {[%clk 1:29:52]} Nf6
{[%clk 1:31:01]} 3. Nf3 {[%clk 1:30:07]} d5 {[%clk 1:31:22]} 4. Bg5
{[%clk 1:29:48]} dxc4 {[%clk 1:30:35]} 5. e4 {[%clk 1:27:45]} b5 {[%clk 1:28:07]}
6. a4 {[%clk 1:25:46]} c6 {[%clk 1:27:48]} 7. Nc3 {[%clk 1:25:20]} Bb4
{[%clk 1:26:58]} 8. g3 {[%clk 1:18:41]} h6 {[%clk 1:17:15]} 9. Bxf6
{[%clk 1:16:58]} Qxf6 {[%clk 1:16:49]} 10. Bg2 {[%clk 1:16:58]} Bb7
{[%clk 1:16:20]} 11. O-O {[%clk 1:12:40]} a6 {[%clk 1:11:30]} 12. Ne1
{[%clk 1:07:24]} e5 {[%clk 1:02:06]} 13. Nc2 {[%clk 1:03:46]} Bxc3
{[%clk 0:54:01]} 14. bxc3 {[%clk 1:03:45]} O-O {[%clk 0:51:56]} 15. f4
{[%clk 1:01:33]} exd4 {[%clk 0:47:44]} 16. Nxd4 {[%clk 0:55:06]} c5
{[%clk 0:33:09]} 17. e5 {[%clk 0:51:56]} Qb6 {[%clk 0:31:23]} 18. Bxb7
{[%clk 0:49:59]} Qxb7 {[%clk 0:31:38]} 19. Nf5 {[%clk 0:50:19]} Qe4
{[%clk 0:21:55]} 20. Qg4 {[%clk 0:47:59]} g6 {[%clk 0:20:10]} 21. Nxh6+
{[%clk 0:47:10]} Kg7 {[%clk 0:17:52]} 22. Rae1 {[%clk 0:46:14]} Qc2
{[%clk 0:11:22]} 23. f5 {[%clk 0:44:04]} Qd2 {[%clk 0:06:00]} 24. Nxf7
{[%clk 0:42:27]} Rxf7 {[%clk 0:05:19]} 25. Qxg6+ {[%clk 0:42:51]} Kf8
{[%clk 0:05:35]} 26. e6 {[%clk 0:42:56]} 1-0

[Event "Fredericia Chess 2019"]
[Site "?"]
[Date "2019.05.31"]
[Round "4.1"]
[White "Vasli, FM Aref"]
[Black "Sörensen, FM Hampus"]
[Result "1-0"]
[BlackElo "2343"]
[WhiteElo "2346"]
[LiveChessVersion "1.4.8"]

1. e4 {[%clk 1:30:57]} e5 {[%clk 1:30:24]} 2. Nf3 {[%clk 1:31:19]} Nc6
{[%clk 1:30:06]} 3. Bb5 {[%clk 1:31:41]} a6 {[%clk 1:29:13]} 4. Ba4
{[%clk 1:32:03]} Nf6 {[%clk 1:29:30]} 5. O-O {[%clk 1:32:24]} b5 {[%clk 1:27:52]}
6. Bb3 {[%clk 1:32:46]} Bc5 {[%clk 1:28:13]} 7. c3 {[%clk 1:31:55]} d6
{[%clk 1:27:59]} 8. d4 {[%clk 1:28:38]} Bb6 {[%clk 1:26:19]} 9. h3
{[%clk 1:21:57]} O-O {[%clk 1:22:55]} 10. Re1 {[%clk 1:21:50]} h6
{[%clk 1:20:36]} 11. a4 {[%clk 1:19:55]} Bb7 {[%clk 1:06:39]} 12. dxe5
{[%clk 1:14:20]} Nxe5 {[%clk 1:05:15]} 13. Nxe5 {[%clk 1:14:27]} dxe5
{[%clk 1:05:39]} 14. Qf3 {[%clk 1:14:06]} Kh8 {[%clk 1:00:36]} 15. a5
{[%clk 1:08:40]} Bc5 {[%clk 0:56:33]} 16. Bc2 {[%clk 1:06:43]} Nh7
{[%clk 0:50:29]} 17. Qg3 {[%clk 0:59:37]} Qf6 {[%clk 0:49:03]} 18. Nd2
{[%clk 0:59:18]} Ng5 {[%clk 0:48:54]} 19. Nf1 {[%clk 0:37:08]} Rad8
{[%clk 0:35:45]} 20. h4 {[%clk 0:31:12]} Ne6 {[%clk 0:35:06]} 21. Nh2
{[%clk 0:30:55]} Bd6 {[%clk 0:32:14]} 22. Be3 {[%clk 0:27:59]} Qe7
{[%clk 0:28:16]} 23. Nf3 {[%clk 0:26:33]} Nf4 {[%clk 0:25:34]} 24. Bxf4
{[%clk 0:25:28]} exf4 {[%clk 0:25:54]} 25. Qg4 {[%clk 0:25:52]} Be5
{[%clk 0:24:34]} 26. Qf5 {[%clk 0:22:02]} f6 {[%clk 0:24:45]} 27. Bb3
{[%clk 0:10:42]} Rd6 {[%clk 0:21:54]} 28. Rad1 {[%clk 0:09:41]} Bc8
{[%clk 0:20:39]} 29. Qg6 {[%clk 0:09:36]} Rfd8 {[%clk 0:19:29]} 30. Rxd6
{[%clk 0:07:46]} Rxd6 {[%clk 0:19:12]} 31. Nd4 {[%clk 0:05:40]} Bxd4
{[%clk 0:12:11]} 32. cxd4 {[%clk 0:06:08]} Be6 {[%clk 0:10:26]} 33. Bxe6
{[%clk 0:06:14]} Qxe6 {[%clk 0:10:24]} 34. Rc1 {[%clk 0:05:42]} c6
{[%clk 0:05:58]} 35. d5 {[%clk 0:05:26]} Qd7 {[%clk 0:03:53]} 36. e5
{[%clk 0:04:24]} fxe5 {[%clk 0:03:19]} 37. dxc6 Rd1+ {[%clk 0:01:25]} 38. Kh2
{[%clk 0:04:25]} Qd8 {[%clk 0:01:27]} 39. Rxd1 {[%clk 0:04:10]} Qxd1
{[%clk 0:01:54]} 40. Qe8+ {[%clk 0:04:13]} Kh7 {[%clk 0:02:23]} 41. c7
{[%clk 0:04:02]} Qc2 {[%clk 0:00:33]} 42. c8=Q {[%clk 0:04:08]} Qxf2
{[%clk 0:00:49]} 43. Qf5+ {[%clk 0:04:29]} 1-0

[Event "Fredericia Chess 2019"]
[Site "?"]
[Date "2019.05.31"]
[Round "4.2"]
[White "Fries Nielsen, FM Niels Jørgen"]
[Black "Brondt, FM Nicolai"]
[Result "1/2-1/2"]
[BlackElo "2325"]
[WhiteElo "2328"]
[LiveChessVersion "1.4.8"]

1. d4 {[%clk 1:29:37]} Nf6 {[%clk 1:30:52]} 2. c3 {[%clk 1:29:00]} d5
{[%clk 1:28:02]} 3. Nf3 {[%clk 1:28:29]} Bf5 {[%clk 1:25:31]} 4. Nh4
{[%clk 1:22:38]} Bxb1 {[%clk 1:22:47]} 5. Rxb1 {[%clk 1:22:49]} e6
{[%clk 1:21:12]} 6. Bg5 {[%clk 1:17:54]} c5 {[%clk 1:15:31]} 7. dxc5
{[%clk 1:15:26]} Bxc5 {[%clk 1:15:04]} 8. e3 {[%clk 1:15:55]} h6 {[%clk 1:10:39]}
9. Bxf6 {[%clk 1:16:09]} Qxf6 {[%clk 1:10:22]} 10. Nf3 {[%clk 1:10:06]} O-O
{[%clk 1:09:13]} 11. Be2 {[%clk 1:10:25]} Nc6 {[%clk 1:08:34]} 12. O-O
{[%clk 1:07:57]} Rfd8 {[%clk 1:07:46]} 13. Qa4 {[%clk 1:07:07]} Rac8
{[%clk 1:06:42]} 14. Rbd1 {[%clk 1:04:15]} Bb6 {[%clk 1:05:47]} 15. Qh4
{[%clk 0:59:49]} Qxh4 {[%clk 1:01:25]} 16. Nxh4 {[%clk 1:00:11]} Na5
{[%clk 0:56:44]} 17. Nf3 {[%clk 1:00:33]} Nc4 {[%clk 0:56:14]} 18. Bxc4
{[%clk 1:00:22]} Rxc4 {[%clk 0:55:38]} 19. Rd3 {[%clk 0:58:31]} Kf8 20. Rfd1
{[%clk 0:57:57]} Ke7 {[%clk 0:53:47]} 21. Kf1 {[%clk 0:57:49]} Rcc8
{[%clk 0:50:13]} 22. h3 {[%clk 0:54:53]} Bc5 {[%clk 0:49:03]} 23. a3
{[%clk 0:50:04]} g6 {[%clk 0:45:42]} 24. Ke2 {[%clk 0:47:57]} a6 {[%clk 0:43:33]}
25. Nd4 {[%clk 0:42:08]} Bb6 {[%clk 0:40:45]} 26. Nf3 {[%clk 0:39:03]} Ba7
{[%clk 0:39:36]} 27. g3 {[%clk 0:37:49]} b5 {[%clk 0:34:00]} 28. R3d2
{[%clk 0:37:12]} Bc5 {[%clk 0:32:45]} 29. Nd4 {[%clk 0:35:19]} Bb6
{[%clk 0:31:43]} 30. Nf3 {[%clk 0:34:43]} f6 {[%clk 0:19:54]} 31. Nh4
{[%clk 0:33:08]} g5 {[%clk 0:19:34]} 32. Nf3 {[%clk 0:33:27]} h5 {[%clk 0:19:12]}
33. h4 {[%clk 0:31:22]} g4 {[%clk 0:18:28]} 34. Ne1 {[%clk 0:30:31]} Bc7
{[%clk 0:17:27]} 35. Nc2 {[%clk 0:30:11]} Be5 {[%clk 0:16:55]} 36. Nb4
{[%clk 0:22:12]} a5 {[%clk 0:16:16]} 37. Nd3 {[%clk 0:20:49]} Bd6
{[%clk 0:15:49]} 38. Ra1 {[%clk 0:17:18]} Rc4 {[%clk 0:15:06]} 39. Ne1
{[%clk 0:14:54]} Rb8 {[%clk 0:06:36]} 40. Rd4 {[%clk 0:11:13]} Be5
{[%clk 0:05:57]} 41. Rd2 {[%clk 0:10:11]} Kf7 {[%clk 0:01:19]} 42. Nc2
{[%clk 0:08:50]} Kg6 {[%clk 0:27:57]} 43. Rf1 {[%clk 0:35:26]} Rb6
{[%clk 0:26:04]} 44. Rg1 {[%clk 0:34:56]} Bd6 {[%clk 0:21:34]} 45. Ra1
{[%clk 0:28:41]} Be7 {[%clk 0:12:27]} 46. Rd4 {[%clk 0:27:56]} Bc5
{[%clk 0:11:26]} 47. Rd2 {[%clk 0:28:24]} b4 {[%clk 0:10:16]} 48. cxb4
{[%clk 0:25:15]} axb4 {[%clk 0:10:42]} 49. axb4 {[%clk 0:23:26]} Bxb4
{[%clk 0:10:45]} 50. Nxb4 {[%clk 0:23:49]} Rcxb4 {[%clk 0:11:02]} 51. Ra2
{[%clk 0:24:13]} Kf5 {[%clk 0:10:52]} 52. Kd3 {[%clk 0:21:23]} Ke5
{[%clk 0:07:55]} 53. Rc2 {[%clk 0:21:09]} f5 {[%clk 0:07:12]} 54. Ke2
{[%clk 0:19:53]} Ke4 {[%clk 0:07:10]} 55. Rd2 {[%clk 0:20:22]} e5
{[%clk 0:06:25]} 56. Ra5 {[%clk 0:19:02]} d4 {[%clk 0:05:38]} 57. exd4
{[%clk 0:18:53]} Rxd4 {[%clk 0:05:13]} 58. Rc2 {[%clk 0:18:55]} f4
{[%clk 0:03:37]} 59. gxf4 {[%clk 0:18:41]} exf4 {[%clk 0:02:01]} 60. Kf1
{[%clk 0:17:40]} Rb3 {[%clk 0:01:48]} 61. Kg2 {[%clk 0:15:52]} Rh3
{[%clk 0:02:00]} 62. Rc1 {[%clk 0:14:02]} f3+ {[%clk 0:01:58]} 63. Kg1
{[%clk 0:14:30]} g3 {[%clk 0:01:00]} 64. fxg3 {[%clk 0:12:22]} Rxg3+
{[%clk 0:01:28]} 65. Kh2 {[%clk 0:11:25]} Rg2+ {[%clk 0:01:40]} 66. Kh3
{[%clk 0:11:50]} Rxb2 {[%clk 0:01:51]} 67. Re1+ Re2 {[%clk 0:01:59]} 68. Rf1
{[%clk 0:09:01]} Kf4 {[%clk 0:00:41]} 69. Ra8 {[%clk 0:06:48]} Rdd2
{[%clk 0:00:36]} 70. Rf8+ {[%clk 0:06:47]} Ke4 {[%clk 0:00:40]} 71. Re8+
{[%clk 0:07:11]} Kd4 {[%clk 0:00:39]} 72. Rd8+ {[%clk 0:07:15]} Ke4
{[%clk 0:00:48]} 73. Re8+ {[%clk 0:07:43]} Kf4 {[%clk 0:00:56]} 74. Rf8+
{[%clk 0:08:10]} Ke5 {[%clk 0:00:54]} 75. Re8+ {[%clk 0:08:26]} 1/2-1/2

[Event "Fredericia Chess 2019"]
[Site "?"]
[Date "2019.05.31"]
[Round "4.3"]
[White "Devereaux, IM Maxim"]
[Black "Easwaralingam, Adesh"]
[Result "1/2-1/2"]
[BlackElo "2123"]
[WhiteElo "2342"]
[LiveChessVersion "1.4.8"]

1. d4 {[%clk 1:30:54]} Nf6 {[%clk 1:30:38]} 2. Bf4 {[%clk 1:30:54]} d5
{[%clk 1:30:33]} 3. e3 {[%clk 1:31:03]} c5 {[%clk 1:30:32]} 4. c3
{[%clk 1:31:08]} Nc6 {[%clk 1:30:48]} 5. Nf3 {[%clk 1:30:48]} Qb6
{[%clk 1:30:29]} 6. Qc1 {[%clk 1:30:40]} cxd4 {[%clk 1:29:29]} 7. exd4
{[%clk 1:30:44]} Bf5 {[%clk 1:27:46]} 8. Nbd2 {[%clk 1:30:19]} h6
{[%clk 1:26:29]} 9. h3 {[%clk 1:29:27]} Rc8 {[%clk 1:25:28]} 10. Be2
{[%clk 1:28:47]} Nb4 11. cxb4 {[%clk 1:11:52]} Rxc1+ {[%clk 1:18:44]} 12. Rxc1
{[%clk 1:12:18]} Qxb4 {[%clk 0:45:15]} 13. O-O {[%clk 1:09:25]} g5
{[%clk 0:44:45]} 14. Be5 {[%clk 1:09:06]} Bg7 {[%clk 0:44:36]} 15. Rc5
{[%clk 1:00:14]} a6 {[%clk 0:40:06]} 16. g4 {[%clk 0:56:07]} Be6 {[%clk 0:37:23]}
17. Rc3 {[%clk 0:29:42]} Qxb2 {[%clk 0:31:41]} 18. Rb3 {[%clk 0:29:16]} Qxa2
{[%clk 0:31:26]} 19. Rxb7 {[%clk 0:29:06]} O-O {[%clk 0:31:47]} 20. Rbb1
{[%clk 0:21:53]} Ne4 {[%clk 0:28:01]} 21. Ra1 {[%clk 0:20:39]} Qb2
{[%clk 0:25:55]} 22. Rfb1 {[%clk 0:19:47]} Qc3 {[%clk 0:26:11]} 23. Rc1
{[%clk 0:19:34]} Qb2 {[%clk 0:26:23]} 24. Rcb1 {[%clk 0:19:08]} Qc3
{[%clk 0:25:22]} 25. Rc1 {[%clk 0:19:04]} Qb4 {[%clk 0:25:10]} 26. Rcb1
{[%clk 0:19:13]} Qc3 {[%clk 0:24:55]} 27. Rc1 {[%clk 0:18:05]} 1/2-1/2